LIBRARY & INFORMATION CENTRE, KCAET, TAVANUR

ONLINE PUBLIC ACCESS CATALOGUE (OPAC)

Handbook of electronic control circuits / (Record no. 7116)

MARC details
000 -LEADER
fixed length control field 00408cam a2200157ua 4500
041 ## - LANGUAGE CODE
Language code of text/sound track or separate title eng
082 ## - DEWEY DECIMAL CLASSIFICATION NUMBER
Classification number 028.71621
Item number MAR/HA
100 ## - MAIN ENTRY--AUTHOR NAME
Personal name Markus, John .
245 ## - TITLE STATEMENT
Title Handbook of electronic control circuits /
250 ## - EDITION STATEMENT
Edition statement 1 /
260 ## - PUBLICATION, DISTRIBUTION, ETC. (IMPRINT)
Place of publication New York :
Name of publisher McGraw Hill Book Company ,
Year of publication 1959.
300 ## - PHYSICAL DESCRIPTION
Number of Pages 347 ; .
942 ## - ADDED ENTRY ELEMENTS (KOHA)
Koha item type Books
Holdings
Withdrawn status Lost status Damaged status Home library Current library Date acquired Full call number Accession Number Koha item type
      KAUAET   07/04/2012 028.71621 5966 Books
free website counter